000 00752nam a2200217Ia 4500
003 GCL
008 140319s9999 xx 000 0 ara d
040 _aGCL /
_cGCL
082 0 4 _a247.1
_bف س
100 1 _aابراهيم بيضون
245 1 0 _aابحاث فى السيطرة العربية والتشيع والمعتقدات المهدية فى ظل خلافة بنى امية /
_cابراهيم بيضون
700 1 _aفلوتن، ج فان
300 _a207
490 _aالهيئة العامة للاستعلامات
_v0
650 0 4 _aالتاريخ الاسلامى
650 0 4 _aالفرق الاسلامية
650 0 4 _aالشيعة
650 0 4 _aالمهدى المنتظر
650 0 4 _aالامامة
942 _2ddc
_cBK
999 _c50207
_d50207